| 000 | 00702nam a2200205Ii 4500 | ||
|---|---|---|---|
| 003 | JO-AjNU | ||
| 008 | 230605s9999||||xx |||||||||||||| ||und|| | ||
| 017 | _a1994/4/295 | ||
| 040 |
_aJO-AjNU _bara _erda _cJO-AjNU |
||
| 041 | _aara | ||
| 050 | 1 | 4 | _aPJ6060 1994 |
| 100 | 3 |
_aتاليف عويضة ، مصطفى , _eauthor _961104 |
|
| 245 | 0 | 0 | _aابو منصور الجواليقي وجهوده في اللغة 465-540هـ |
| 264 | 3 | 1 | _aالقاهرة: دار طوباس للنشر والتوزيع، 1994 |
| 300 | _a204ص | ||
| 336 |
_atext _btxt _2rdacontent |
||
| 337 |
_aunmediated _bn _2rdamedia |
||
| 338 |
_avolume _bnc _2rdacarrier |
||
| 650 | 4 |
_aاللغوين العرب-تراجم _961105 |
|
| 999 |
_aA27599 _c31167 _d31167 |
||